000 00835cab a2200301 4500
001 ABS53956
008 090401t1995 xxu||||| |||| 00| 0 eng d
035 _a(Sirsi) u7637
041 _aeng
100 _aStocker, D.
245 _aChoosing industrial monuments
260 _c1995
350 _a0
490 _aConservation Bulletin
_vNovember 1995, 8-9(2)
520 _aDescribes the methodology used to select industrial heritage buildings, sites and monuments.
650 _aCOAL INDUSTRY
650 _aCOAL MINES
650 _aCOLLIERIES
650 _aINDUSTRIAL BUILDINGS
650 _aINDUSTRIAL MONUMENTS
650 _aINDUSTRIAL SITES
650 _aLEAD INDUSTRY
650 _aLISTED BUILDINGS
650 _aMONUMENTS PROTECTION PROGRAMME
690 _aCONSERVATION
942 _n0
948 _c04/03/1997
999 _c4641
_d4641